| 000 | 00749cam a22002291 4500 | ||
|---|---|---|---|
| 999 |
_c126586 _d126586 |
||
| 001 | 6362051 | ||
| 003 | ARRUPE | ||
| 005 | 20170808113502.0 | ||
| 008 | 730409s1913 xx 000 0 eng | ||
| 010 | _a 13024855 | ||
| 035 | _a(OCoLC)599048 | ||
| 040 |
_aDLC _cOKentU _dDLC |
||
| 042 | _apremarc | ||
| 050 | 0 | 0 |
_aD396 _b.A7 |
| 100 | 1 |
_aAtteridge, A. Hilliard _q(Andrew Hilliard) _934621 |
|
| 245 | 1 | 0 |
_aFamous modern battles, _cby A. Hilliard Atteridge |
| 260 |
_aLondon _bThomas Nelson and Sons _c1911 |
||
| 300 |
_a401 p. _billus. _c22 cm. |
||
| 650 | 0 |
_aBattles. _934622 |
|
| 906 |
_a7 _bcbc _coclcrpl _du _encip _f19 _gy-gencatlg |
||
| 942 |
_2lcc _cMONOGRAPH |
||